000 01809nam a2200385 c 4500
003 BLK
005 20240619174559.0
008 180413b bul|||||r ||||||| ||bul||
010 _aKNG00020338000
020 _a954-439-488-5
_bиздат.: Слово
040 _aBLK
041 _aBUL
_cBUL
080 _aПериод на кризата на феодализма, зараждане на капиталистически отношения. Възраждане на българския народ (II пол. на ХVIII в. - 1878 г.)
_b94(497.2)"1750/1878"
_x(035)
_z94(497.2)"1750/1878"(035)
080 _aИстория на цивилизацията. История на културата
_b930.85
_x(497.2)(035)
_z930.85(497.2)(035)
100 1 _aРадев, Иван
_eпърви автор
_gКръстев, Иван Радев
_9363297
139 _aИстория и култура на България в дати
_bИ 95
245 1 0 _aИстория и култура на България в дати
_bВъзраждане
_cИван Радев.
257 _aBGR
260 В. Търново
_bСлово
_c1997
300 _a368 с.
_c24 см
380 _a9
500 _aДруги авт.: Р. Радев, Ел. Налбантова, П. Ст. Петков ; 1 500 тир Геогр. руб.: България
650 4 _aВъзраждане - България
_9243355
650 4 _aКултура - България - история
_9251094
653 _aистория
653 _aкултура
653 _aБългария
653 _aВъзраждане
852 _aЦб 194478
856 4 _qpdf
_u
856 4 _qpdf
_u
942 _cKNG
_n0
_01
944 _aCR
_c15.01.2003
_k30563
_lИвелин Русев
944 _aED
_c02.02.2006
_k
999 _c18291
_d18291